|
|
|
|
| LEADER |
01174nam a2200301 a 4500 |
| 001 |
1430 |
| 003 |
BD-DhAAL |
| 005 |
20150625095757.0 |
| 008 |
150625s1989 nyua b 001 0 eng |
| 010 |
|
|
|a 88013073
|
| 020 |
|
|
|a 0070407193 :
|c $23.95
|
| 040 |
|
|
|a DLC
|c DLC
|d DLC
|d BD-DhAAL
|
| 050 |
0 |
0 |
|a TA157
|b .M33 1989
|
| 082 |
0 |
0 |
|a 174/.962
|2 19
|
| 100 |
1 |
|
|a Martin, Mike W.,
|d 1946-
|9 12420
|
| 245 |
1 |
0 |
|a Ethics in engineering /
|c Mike W. Martin, Roland Schinzinger.
|
| 250 |
|
|
|a 2nd ed.
|
| 260 |
|
|
|a New York :
|b McGraw-Hill,
|c c1989.
|
| 300 |
|
|
|a xviii, 404 p. :
|b ill. ;
|c 23 cm.
|
| 500 |
|
|
|a Includes indexes.
|
| 504 |
|
|
|a Bibliography: p. 363-384.
|
| 541 |
|
|
|e 1430
|
| 650 |
|
0 |
|a Engineering ethics.
|9 12421
|
| 700 |
1 |
|
|a Schinzinger, Roland.
|9 12422
|
| 942 |
|
|
|2 ddc
|c BK
|
| 999 |
|
|
|c 34828
|d 34828
|
| 952 |
|
|
|0 0
|1 0
|2 ddc
|4 0
|6 174_962000000000000_MAR
|7 0
|9 54502
|a SCL
|b SCL
|c GEN
|d 2015-06-25
|e Gift: The Asia Foundation
|l 1
|o 174.962 MAR
|p 3020001430
|r 2022-04-03
|s 2022-03-16
|t 1
|w 2015-06-25
|y BK
|
| 952 |
|
|
|0 0
|1 0
|2 ddc
|4 0
|6 174_962000000000000_MAR
|7 0
|9 54503
|a SCL
|b SCL
|c GEN
|d 2015-06-25
|e Gift: The Asia Foundation
|l 1
|o 174.962 MAR
|p 3020001778
|r 2017-10-05
|s 2017-10-02
|t 2
|w 2015-06-25
|y BK
|